000 00978nas a2200325 4500
001 BR2010003031
003 BR-BrBNA
005 20231205114049.0
007 ta
008 230509b bl.|||p| |||| 00| 00por d
040 _aBR-BrBNA
_bpor
_cBiblioteca Nacional de Agricultura
041 _a(Pt)
072 _aP34
100 1 _aAndreazza, R.
100 1 _aAntoniolli, Z.I.
100 1 _aOliveira, V.L. de
100 1 _aLeal, L.T.
100 1 _aMoro Junior, C.A.
100 1 _aPieniz, S.
245 1 _aOcorrência de associação micorrízica em seis essências florestais nativas do estado do Rio Grande do Sul
650 _aMICORRIZA
650 _aFUNGO
650 _aESSÊNCIA FLORESTAL
650 _aBIOLOGIA DO SOLO
650 _aARAUCÁRIA
650 _aIPÊ AMARELO
773 0 _tCiência Florestal (Brazil)
_xISSN 0103-9954
_g(Sep-Dec 2008), v. 18(3-4) p. 339-346
_wBR2010003031
909 _a202311
_bLúcia
_c55
_dLúcia Elande
942 _2AGRIS
_n0
_cANA
999 _c206928
_d206928